Code of Honor/ (Record no. 189851)

MARC details
000 -LEADER
fixed length control field 00452nam a2200181 4500
005 - DATE AND TIME OF LATEST TRANSACTION
control field 20220713161723.0
010 ## - LCCN (DPL NO)
LC control number ENG-133536
020 ## - INTERNATIONAL STANDARD BOOK NUMBER
International Standard Book Number 9789390590018
Terms of availability 399.00
035 ## - SYSTEM CONTROL NUMBER
System control number EN-117068
037 ## - SOURCE OF ACQUISITION
Source of stock number/acquisition DBAD/PUB
082 ## - DEWEY DECIMAL CLASSIFICATION NUMBER
Classification number S
100 ## - MAIN ENTRY--PERSONAL NAME
Personal name Gratz,Alan
245 ## - TITLE STATEMENT
Title Code of Honor/
Statement of responsibility, etc by Alan Gratz
260 ## - PUBLICATION, DISTRIBUTION, ETC. (IMPRINT)
Place of publication, distribution, etc New York
Name of publisher, distributor, etc Scholastic
Date of publication, distribution, etc 2021
270 ## - ADDRESS
Address 557,Broadway,
City New York
Postal code 10012
300 ## - PHYSICAL DESCRIPTION
Extent 278p.
Dimensions 20cm(pbk)
942 ## - ADDED ENTRY ELEMENTS (KOHA)
Source of classification or shelving scheme Dewey Decimal Classification
Item type English Books
Classification part S
Call number suffix GRA
Holdings
Withdrawn status Lost status Not for loan Collection code Home library Current library Date acquired Source of acquisition Cost, normal purchase price Full call number Barcode Copy number Cost, replacement price Koha item type
      Fiction Bawana Bawana 13/07/2022 DBAD/PUB 399.00 S GRA EN-117068 1 399.00 English Books

© Delhi Public Library
Hit Counter
free hit counter